书目信息 |
| 题名: |
学前儿童卫生保健
|
|
| 作者: | 康松玲 主编 | |
| 分册: | ||
| 出版信息: | 武汉 华中师范大学出版社 2013 |
|
| 页数: | 234页 | |
| 开本: | 26cm | |
| 丛书名: | ||
| 单 册: | ||
| 中图分类: | R175 | |
| 科图分类: | ||
| 主题词: | 学前儿童--卫生保健--幼儿师范学校--教材 | |
| 电子资源: | ||
| ISBN: | 978-7-5622-6026-4 | |
| 000 | 00917nam0 2200241 450 | |
| 001 | 0103057713 | |
| 005 | 20140213100506.0 | |
| 010 | @a978-7-5622-6026-4@dCNY37.00 | |
| 100 | @a20140111d2013 em y0chiy0120 ea | |
| 101 | 0 | @achi |
| 102 | @aCN@b420000 | |
| 105 | @aa z 000yy | |
| 106 | @ar | |
| 200 | 1 | @a学前儿童卫生保健@9Xue Qian Er Tong Wei Sheng Bao Jian @f康松玲主编@b专著 |
| 210 | @a武汉@c华中师范大学出版社@d2013 | |
| 215 | @a234页@c图@d26cm | |
| 300 | @a全国学前教育专业“十二五”规划教材 | |
| 330 | @a本书共分为5个单元,共设计了15个实践项目,内容涉及学前儿童的生理发育与生活管理、学前儿童的膳食管理、学前儿童疾病的预防、学前儿童常见意外事故的预防与紧急处理、学前儿童常见心理行为问题的预防与矫正。 | |
| 606 | 0 | @a学前儿童@x卫生保健@x幼儿师范学校@j教材 |
| 690 | @aR175@v5 | |
| 701 | 0 | @a康松玲@c(女,@f1966~)@4主编@9kang song ling |
| 801 | 0 | @aCN@bAZmarc@c20230901 |
| 905 | @aBZT@dR175@e5@f1@sR175/5 | |
| 学前儿童卫生保健/康松玲主编.-武汉:华中师范大学出版社,2013 |
| 234页:图;26cm |
| 全国学前教育专业“十二五”规划教材 |
| ISBN 978-7-5622-6026-4:CNY37.00 |
| 本书共分为5个单元,共设计了15个实践项目,内容涉及学前儿童的生理发育与生活管理、学前儿童的膳食管理、学前儿童疾病的预防、学前儿童常见意外事故的预防与紧急处理、学前儿童常见心理行为问题的预防与矫正。 |
| ● |
| 相关链接 |
|
|
|
正题名:学前儿童卫生保健
索取号:R175/5
 
预约/预借
| 序号 | 登录号 | 条形码 | 馆藏地/架位号 | 状态 | 备注 |
| 1 | 2000030395 | 2000030395 | 旧书回溯/ [索取号:R175/5] | 在馆 |